Bài tập đại số tuyến tính và hình học giải tích
Sách trình bày tóm tắt lý thuyết, bài tập và lời giải các bài tập về đại số tuyến tính và hình học giải tích
Đã lưu trong:
| 格式: | 图书 |
|---|---|
| 语言: | Undetermined |
| 出版: |
Hà Nội
Đại học Quốc gia Hà Nội
1999
|
| 主题: | |
| 标签: |
添加标签
没有标签, 成为第一个标记此记录!
|
| Thư viện lưu trữ: | Trung tâm Học liệu Trường Đại học Cần Thơ |
|---|
| LEADER | 00758nam a2200193Ia 4500 | ||
|---|---|---|---|
| 001 | CTU_36994 | ||
| 008 | 210402s9999 xx 000 0 und d | ||
| 020 | |c 28500 | ||
| 082 | |a 512.5076 | ||
| 082 | |b B103 | ||
| 245 | 0 | |a Bài tập đại số tuyến tính và hình học giải tích | |
| 245 | 0 | |c Khu Quốc Anh ...[et al.] | |
| 260 | |a Hà Nội | ||
| 260 | |b Đại học Quốc gia Hà Nội | ||
| 260 | |c 1999 | ||
| 520 | |a Sách trình bày tóm tắt lý thuyết, bài tập và lời giải các bài tập về đại số tuyến tính và hình học giải tích | ||
| 650 | |a Algebras, linear,Geonometry | ||
| 904 | |i Minh,Hải | ||
| 980 | |a Trung tâm Học liệu Trường Đại học Cần Thơ | ||